[Event "DOM-ch"]
[Site "Santo Domingo"]
[Date "2022.02.25"]
[Round "5"]
[White "Toro Rojas, Freddy Alberto"]
[Black "Diaz Diaz, Federico"]
[Result "1-0"]
[WhiteElo "1916"]
[BlackElo "1755"]
[PlyCount "93"]
[EventDate "2022.02.18"]
[EventType "swiss"]
[EventRounds "11"]
[EventCountry "DOM"]
[SourceTitle "EXT 2023"]
[Source "ChessBase"]
[SourceDate "2022.10.05"]
[SourceVersion "1"]
[SourceVersionDate "2022.10.05"]
[SourceQuality "1"]

1. d4 Nf6 2. Nf3 e6 3. Bf4 b6 4. e3 Bb7 5. Bd3 d5 6. Nbd2 Bd6 7. Qe2 Nh5 8. Ne5 Nf6 9. c3 Nbd7 10. a3 Ne4 11. Nxe4 dxe4 12. Bb5 Bxe5 13. Bxd7+ Qxd7 14. Bxe5 0-0 15. 0-0 f6 16. Bg3 Rac8 17. Rfd1 Qe7 18. h4 Bc6 19. c4 Kh8 20. b4 Qf7 21. Rac1 h5 22. b5 Bd7 23. Rd2 Kg8 24. c5 e5 25. dxe5 Bg4 26. Qc4 Qxc4 27. Rxc4 Bf5 28. exf6 Rxf6 29. c6 Rf7 30. Ra4 Ra8 31. Rdd4 Re7 32. Ra6 Bc8 33. Rd8+ Kf7 34. Ra4 g6 35. Bf4 Re8 36. Bxc7 Re7 37. Bxb6 Re8 38. Rxe8 Kxe8 39. Rxa7 Rb8 40. Bc7 Rxb5 41. Ra8 Rb3 42. a4 Rc3 43. Rxc8+ Ke7 44. Bf4 Rc4 45. a5 Ra4 46. c7 Rxa5 47. Re8+ 1-0

[Event "DOM-ch"]
[Site "Santo Domingo"]
[Date "2022.02.19"]
[Round "3"]
[White "Diaz Diaz, Federico"]
[Black "Irrizarri Dionicio, Kelvin Arturo"]
[Result "0-1"]
[WhiteElo "1755"]
[BlackElo "2062"]
[PlyCount "54"]
[EventDate "2022.02.18"]
[EventType "swiss"]
[EventRounds "11"]
[EventCountry "DOM"]
[SourceTitle "EXT 2023"]
[Source "ChessBase"]
[SourceDate "2022.10.05"]
[SourceVersion "1"]
[SourceVersionDate "2022.10.05"]
[SourceQuality "1"]

1. c4 e5 2. e4 Nc6 3. g3 Bc5 4. Bg2 d6 5. h3 Nge7 6. Nf3 0-0 7. d3 f5 8. exf5 Bxf5 9. Be3 Nb4 10. Bf1 Bxe3 11. fxe3 e4 12. Nd4 exd3 13. Na3 Be4 14. Qg4 Bf5 15. Nxf5 Nxf5 16. 0-0-0 Qe7 17. Re1 Nxa2+ 18. Kd2 Qe5 19. Bxd3 Qxb2+ 20. Nc2 Qc3+ 21. Ke2 Qe5 22. Rhg1 Nxe3 23. Nxe3 Rae8 24. Kd1 Qa1+ 25. Kd2 Qc3+ 26. Ke2 Qb2+ 27. Bc2 Qxc2# 0-1